00651nam a2200145 a 450000100100000000500170001000800410002704000250006824501400009326000460023330000400027950000640031995201050038399900170048800004597920201002052547.0150605s2011 dr g 000 0 spa d aDO-SdBNPbspacBNPHU04aLas publicaciones científicas en Iberoamérica :bespejo y plancha del desarrollo científico regional /cAna MAría Cetto Kramis. aSanto Domingo :bUNIVERSIDAD APEC,c2011. a[48] p. :bils., gráfs. ;c23 cm. aConferencia dictada por la Doctora Ana María Cetto Kramis 0010718PDaPDbPDcHDd2015-06-05iLF1l0o p45979-10r2020-06-25w2020-06-25yLFPDZNo se presta c45468d45468